<?xml version="1.0" encoding="UTF-8"?>
<record
    xmlns:xsi="http://www.w3.org/2001/XMLSchema-instance"
    xsi:schemaLocation="http://www.loc.gov/MARC21/slim http://www.loc.gov/standards/marcxml/schema/MARC21slim.xsd"
    xmlns="http://www.loc.gov/MARC21/slim">

  <leader>00533nam a2200145   4500</leader>
  <controlfield tag="008">708 M754t</controlfield>
  <datafield tag="020" ind1=" " ind2=" ">
    <subfield code="a">9536084015</subfield>
  </datafield>
  <datafield tag="082" ind1=" " ind2=" ">
    <subfield code="a">708</subfield>
    <subfield code="b">M754t</subfield>
  </datafield>
  <datafield tag="100" ind1=" " ind2=" ">
    <subfield code="a">Monsanto, Tony</subfield>
    <subfield code="9">6403</subfield>
  </datafield>
  <datafield tag="245" ind1=" " ind2=" ">
    <subfield code="a">Moratorium for Croatia:</subfield>
    <subfield code="b">Signals from Cura&#xE7;ao</subfield>
  </datafield>
  <datafield tag="260" ind1=" " ind2=" ">
    <subfield code="a">Zagreb</subfield>
    <subfield code="b">Museum for Arts and Crafts</subfield>
    <subfield code="c">1993</subfield>
  </datafield>
  <datafield tag="300" ind1=" " ind2=" ">
    <subfield code="a">32 p.</subfield>
    <subfield code="b">ill (col)</subfield>
    <subfield code="c">27.5 x 21 cm</subfield>
  </datafield>
  <datafield tag="650" ind1=" " ind2=" ">
    <subfield code="x">arte contempor&#xE1;neo</subfield>
    <subfield code="x">arte - exhibiciones</subfield>
    <subfield code="x">arte - cat&#xE1;logo de exhibici&#xF3;n</subfield>
    <subfield code="x">Cura&#xE7;ao</subfield>
    <subfield code="x">arte - pintura</subfield>
    <subfield code="x">Monsanto, Tony</subfield>
    <subfield code="9">6404</subfield>
  </datafield>
  <datafield tag="700" ind1=" " ind2=" ">
    <subfield code="a">de Tolentino, Marienne, Buzancic, Vlado</subfield>
    <subfield code="9">6405</subfield>
  </datafield>
  <datafield tag="999" ind1=" " ind2=" ">
    <subfield code="c">1498</subfield>
    <subfield code="d">1498</subfield>
  </datafield>
  <datafield tag="952" ind1=" " ind2=" ">
    <subfield code="0">0</subfield>
    <subfield code="1">0</subfield>
    <subfield code="2">ddc</subfield>
    <subfield code="4">0</subfield>
    <subfield code="7">0</subfield>
    <subfield code="a">LV</subfield>
    <subfield code="b">LV</subfield>
    <subfield code="c">Monograf&#xED;as</subfield>
    <subfield code="d">2018-06-14</subfield>
    <subfield code="l">0</subfield>
    <subfield code="o">708 M754t</subfield>
    <subfield code="p">001071</subfield>
    <subfield code="r">2018-06-14 00:00:00</subfield>
    <subfield code="w">2018-06-14</subfield>
    <subfield code="y">01</subfield>
  </datafield>
</record>
